| 000 | 01133cad a22002415a 4500 | ||
|---|---|---|---|
| 001 | L142970 | ||
| 008 | 080327e20080225xxk f 000 0 eng d | ||
| 035 | _a(Sirsi) u142970 | ||
| 041 | 0 | _aeng | |
| 050 | 0 | 4 | _a526.9 $2 18 |
| 110 | 2 |
_aRoyal Institution of Chartered Surveyors _94900 |
|
| 245 | 0 | 0 |
_aMarine, offshore and coastal _ban RICS perspective _h[electronic resource] |
| 260 |
_aLondon _bRICS _c2008 |
||
| 300 |
_a[4]p. _bcol. _c21cm. |
||
| 520 | _aFocuses on RICS involvement in the marine, offshore and coastal areas of surveying practice. Contains information about RICS routes to membership, education, what members can expect from their faculties. Explains the position of marine professionals within the RICS. Details how RICS membership can assist both members and their businesses. | ||
| 521 | 2 | _aAdvanced | |
| 590 | _aKA | ||
| 651 | 4 |
_aUnited Kingdom _y |
|
| 690 | _aPROPERTY-RURAL AND NATURAL ASSETS-MARINE RESOURCES | ||
| 690 | _aENVIRONMENTAL AND LAND CONSULTANCY-GEOMATICS | ||
| 856 | 4 | 0 |
_uhttps://www.rics.org/site/download_feed.aspx?fileID=138 _zView the item free of charge at www.rics.org... |
| 942 | _n0 | ||
| 999 |
_c108030 _d108030 |
||